| 000 | 00921nmc a2200361 a 4500 | ||
|---|---|---|---|
| 003 | AR-BaBNM | ||
| 005 | 20251128204515.0 | ||
| 008 | 145019s1993 ||||||||||||||000 | spa|| | ||
| 020 | _a84-206-2741-0 | ||
| 040 | _cAR-BaBNM | ||
| 100 | 1 | _aKing, Margaret L. | |
| 245 | 1 | 0 |
_aMujeres renacentistas _bla búsqueda de un espacio |
| 260 |
_aMadrid _bAlianza Editorial _c1993 |
||
| 300 | 0 | _a342 p. | |
| 490 | 0 | _aAlianza Universidad | |
| 504 | _aBibliografía en p. 299-332 | ||
| 650 | 4 | _aMUJERES | |
| 650 | 4 | _aMADRES | |
| 650 | 4 | _aTRABAJADORAS | |
| 650 | 4 | _aFAMILIA | |
| 650 | 4 | _aBRUJERIA | |
| 650 | 4 | _aREFORMA RELIGIOSA | |
| 650 | 4 | _aIGLESIA | |
| 650 | 4 | _aEDUCACION DE LA MUJER | |
| 650 | 4 | _aMONJAS | |
| 650 | 4 | _aRENACIMIENTO | |
| 650 | 4 | _aSOCIOLOGIA HISTORICA | |
| 650 | 4 | _aCOSTUMBRES | |
| 653 | 0 | _aHISTORIA DE LA MUJER | |
| 700 | 1 |
_aLauzardo, Aurora _etraductor |
|
| 942 | _cBK | ||
| 998 | _cMarce | ||
| 999 |
_c7702 _d7702 |
||